Accepting responsibility in a finger-pointing world/ (Record no. 181)

MARC details
000 -LEADER
fixed length control field 00958nam a2200205 a 4500
005 - DATE AND TIME OF LATEST TRANSACTION
control field 20260322212009.0
008 - FIXED-LENGTH DATA ELEMENTS--GENERAL INFORMATION
fixed length control field data
099 ## - LOCAL FREE-TEXT CALL NUMBER (OCLC)
Classification number DVD WM 270 A234
001 - CONTROL NUMBER
control field data
100 1# - MAIN ENTRY--PERSONAL NAME
Personal name Samenow, Stanton E.
245 10 - TITLE STATEMENT
Title Accepting responsibility in a finger-pointing world/
Statement of responsibility, etc. Stanton E. Samenow, Mark Spacht & FMS Productions.
260 ## - PUBLICATION, DISTRIBUTION, ETC.
Place of publication, distribution, etc. Georgetown, TX :
Name of publisher, distributor, etc. FMS Productions,
Date of publication, distribution, etc. 2008.
300 ## - PHYSICAL DESCRIPTION
Extent DVD video 3 videodiscs (128 min.) : sd., col. ;
Other physical details 4 3/4 in. + 1 leader's guide/workbook (43 leaves ; 30 cm.)
520 3# - SUMMARY, ETC.
Summary, etc. In the newest installment, Accepting Responsibility In a Finger-Pointing World, renowned expert in criminal thinking, Dr. Stanton Samenow, explores the concepts of justification thinking errors with a group of ex-offenders who are currently in recovery.
520 2# - SUMMARY, ETC.
Summary, etc. pt. 1. (40 min.) -- pt. 2. (45 min.) -- pt. 3. (43 min.)
650 #0 - SUBJECT ADDED ENTRY--TOPICAL TERM
Topical term or geographic name entry element Mental health
650 #0 - SUBJECT ADDED ENTRY--TOPICAL TERM
Topical term or geographic name entry element Drug abuse
General subdivision Treatment
700 1# - ADDED ENTRY--PERSONAL NAME
Personal name Spacht, Mark
710 2# - ADDED ENTRY--CORPORATE NAME
Corporate name or jurisdiction name as entry element FMS Productions.
Holdings
Withdrawn status Lost status Damaged status Not for loan Home library Current library Shelving location Date acquired Total checkouts Full call number Barcode Date last seen Price effective from Koha item type
        Riverside Riverside General stacks 22/03/2026   GEN BC0010187 22/03/2026 22/03/2026 Books